000 01144cam a2200229 4500
001 ##L135227
008 061005n2006 000 0 eng u
035 _a(Sirsi) u135227
041 0 _aeng
050 0 4 _a333.33 $2 18
110 2 _aHBOS plc
_94703
245 0 0 _aHalifax house price index national index
_bJune 2006
260 _aLondon
_bHBOS
_c2006
490 0 _aHalifax House Price Index
_vJune 2006
520 _aHouse prices fell by 1.2% in June. House prices increased by 4.5% in the first half of 2006 with a 2.6% rise during the second quarter of 2006. Annual house price inflation has reached 9.4%. House prices rose in all regions during the second quarter with the exception of Wales. The biggest increase were in Scotland (5.7%). The standardised average house price (seasonally adjusted) stands at £176 509.
590 _aIKA171006
650 2 4 _aHALIFAX HOUSE PRICE INDEX
651 4 _aUnited Kingdom
_y
690 _aPROPERTY-RESIDENTIAL PROPERTY-RESIDENTIAL PROPERTY MARKET
856 4 0 _uhttps://www.hbosplc.com/economy/housingresearch.asp
_zView the national index free of charge at www.hbosplc.com...
942 _n0
999 _c105955
_d105955